Parki narodowe w Polsce - nagła śmierć - Statystyki

Ogólne statystyki
  • Ten quiz został rozwiązany 434 razy
  • Średni wynik to 14 z 23
Answers on the Grid
Answers color-coded by a green-red scale on the quiz's grid according to % correct below.
Babiogórski PN
Baraniogórski PN
Białowieski PN
Biebrzański PN
Bieszczadzki PN
Buski PN
Drawieński PN
Gorczański PN
Kampinoski PN
Karkonoski PN
Kaszubski PN
Magurski PN
Mazurski PN
Narwiański PN
Notecki PN
Ojcowski PN
Pieniński PN
PN ,,Bory Chojnickie"
PN ,,Bory Tucholskie"
PN ,,Góry Pieprzowe"
PN ,,Puszcza Białowieska"
PN ,,Ujście Warty"
PN ,,Ujście Wisły"
PN Gór Sowich
PN Gór Stołowych
Podlaski PN
Poleski PN
Roztoczański PN
Sanecki PN
Słowiański PN
Słowiński PN
Sobieszewski PN
Sudecki PN
Świętokrzyski PN
Tatrzański PN
Trójmiejski PN
Warciański PN
Wielkopolski PN
Wigierski PN
Woliński PN
 
Statystyki odpowiedzi
Odpowiedź % Poprawnych
Białowieski PN
87%
Biebrzański PN
84%
Kampinoski PN
84%
Karkonoski PN
78%
Bieszczadzki PN
77%
Ojcowski PN
73%
Babiogórski PN
72%
Pieniński PN
65%
Drawieński PN
62%
Magurski PN
62%
Narwiański PN
57%
PN ,,Bory Tucholskie"
57%
Tatrzański PN
57%
PN ,,Ujście Warty"
56%
Słowiński PN
55%
Gorczański PN
54%
Woliński PN
54%
PN Gór Stołowych
52%
Roztoczański PN
48%
Świętokrzyski PN
47%
Wigierski PN
45%
Poleski PN
39%
Wielkopolski PN
35%
Nie znaleziono quizów pasujących do podanych kryteriów
Rozkład punktacji
Procent ludzi z każdym wynikiem
Percentyl według liczby udzielonych odpowiedzi
Twoja historia wyników
Nie rozwiązałeś tego quizu